| 000 | 01234cam a22003497a 4500 | ||
|---|---|---|---|
| 003 | CHAP | ||
| 005 | 20220329140123.0 | ||
| 008 | 971013s1987 r 10010 d | ||
| 010 | _a47276 | ||
| 011 | _a48248 | ||
| 035 | _a52393 | ||
| 040 | _cCHAP | ||
| 082 |
_a681.763 _bR4 |
||
| 111 | 0 | 0 |
_aReunión sobre Transferencia de Tecnología ( _d1986 _c: Castelar, Argentina) _996659 |
| 245 | 0 | _aMemoria | |
| 260 |
_aMontevideo, Uruguay : _bInstituto Interamericano de Cooperación para la Agricultura, _c1987 |
||
| 300 | _a125 p. | ||
| 490 | 0 |
_aDiálogo/IICA-PROCISUR _v; 17 |
|
| 590 |
_aBATCH-UPD _b10 _c20130110 _lUCH01 _h1101 |
||
| 590 |
_aBATCH-UPD _b10 _c20130410 _lUCH01 _h0655 |
||
| 590 |
_aBATCH-UPD _b10 _c20130914 _lUCH01 _h1338 |
||
| 590 |
_aCONVERSION _b10 _c20130109 _lUCH01 _h1326 |
||
| 650 | 1 | 4 |
_aAgricultura _xInnovaciones tecnológicas. _91565 |
| 650 | 1 | 4 |
_aExtensión agrícola. _939144 |
| 650 | 1 | 4 |
_aGanadería _xInnovaciones tecnológicas. _944755 |
| 650 | 1 | 4 |
_aTransferencia de tecnología. _9114619 |
| 700 | 0 |
_aMolestina Escudero, Carlos J. _eed. _977328 |
|
| 830 | 0 |
_aDiálogo/IICA-PROCISUR _v; 17 _932637 |
|
| 901 | _aBK | ||
| 942 | _cLIBRO | ||
| 949 |
_a681.763 R4 _bBC _cLIBRO _d33724000107942 _eLIBRO _h72758 _i52393 _si |
||
| 999 |
_c47276 _d47276 |
||